A short account of the malignant fever, lately prevalent in Philadelphia : with a statement of the proceedings that took placeon the subject in different parts of the United States /

Bibliographic Details
Main Author: Carey, Mathew, 1760-1839
Other Authors: Rittenhouse, David, 1732-1796
Format: Microform Book
Language:English
Edition:1st ed.
Series:Hazard pamphlets ; v. 73, no. 2.
Subjects:

MARC

Tag First Indicator Second Indicator Subfields
LEADER 00000cam a2200000 a 4500
001 in00000086885
005 20151008062818.0
007 he bm| ba||
008 771214r1793 kyu b 00010 eng d
035 |a (OCoLC)03490170 
035 |9 AAK0992AM 
040 |a DLC  |c RRR  |d RRR  |d m.c.  |d TXA  |d UtOrBLW 
043 |a n-us-pa 
049 |a TXAI 
082 0 |a 614.541 
099 |a fiche  |a C  |a 4468 
100 1 |a Carey, Mathew,  |d 1760-1839. 
245 1 2 |a A short account of the malignant fever, lately prevalent in Philadelphia :  |b with a statement of the proceedings that took placeon the subject in different parts of the United States /  |c by Mathew Carey. 
250 |a 1st ed. 
264 3 |a Philadelphia :  |b Printed by the author,  |c 1793. 
300 |a 103 pages, 9 unnumbered leaves ;  |c 21 cm. 
336 |a text  |b txt  |2 rdacontent 
337 |a microform  |b h  |2 rdamedia 
338 |a microfiche  |b he  |2 rdacarrier 
490 1 |a Hazard pamphlets ;  |v v. 73, no. 2 
500 |a Committee for relieving the sick and distressed ... pages 98-99. List of a few of the most noted inhabitants of Philadelphia, who have died since the first of August, pages 100-103. List of all the burials in the several grave yards of the city and liberties of Philadelphia ... from August 1st to November 9th, 1793, pages [1-5] Meteorological observations, made in Philadelphia, by David Rittenhouse ... August[-November] 1793, pages [6-9]. 
500 |a "Sabin : 10884." 
500 |a "Copied from the original in the Library of Congress." 
533 |a Microfiche.  |b Louisville, [Ky.] :  |c Lost Cause Press,  |d 1976.  |e 4 microfiches : negative ; 11 x 15 cm.  |f ([Bibliotheca Americana. Selected Americana. Microfiche ed. / J. Sabin]) (Fiche book) 
500 |a Microform. 
650 0 |a Yellow fever  |z Pennsylvania  |z Philadelphia  |y 1793. 
650 0 |a Plague. 
700 1 |a Rittenhouse, David,  |d 1732-1796.  |t Meteorological observations, made in Philadelphia. 
830 0 |a Hazard pamphlets ;  |v v. 73, no. 2. 
999 |a MARS 
999 f f |s 142bcb43-2b60-3ceb-8d59-8613feea6138  |i a4f163b1-00eb-3ccb-8f24-34ed454efdf7  |t 0 
952 f f |p normal  |a Texas A&M University  |b College Station  |c Sterling C. Evans Library  |d Evans: Microforms (3rd floor)  |t 0  |e fiche C 4468  |h Other scheme  |i microform -- microfiche  |m A14821692924 
998 f f |a fiche C 4468  |t 0  |l Evans: Microforms (3rd floor)